000 00562nam a22001817a 4500
005 20251108170448.0
008 250721s2000 xx 000 0 ara d
082 1 4 _a210.428085/خمس
100 1 _aالغالبي، عبد الله حسن
245 1 0 _aخمسون خطبة للجمع و الأعياد /
264 1 _aصنعاء :
_bمركز أهل البيت (ع)،
_c2000.
300 _a241ص
650 1 7 _aالإسلام
650 1 7 _aالخطب الدينية
700 1 _aالحمزي، علي محمد
_eجمع
942 _2ddc
_cBK
999 _c41059
_d41059